|
|
|
|
| LEADER |
00000nam0a2200000 4500 |
| 001 |
81233 |
| 005 |
20231101213146.0 |
| 010 |
|
|
|a 5769520345 ((в пер.))
|b (в пер.)
|b 3000 экз.
|
| 021 |
|
|
|a RU
|b 05-13947
|9 05-709
|
| 035 |
|
|
|a (RuTPU)RU\TPU\book\87332
|
| 090 |
|
|
|a 81233
|
| 100 |
|
|
|a 20050919d2005 m y0rusy5002 ca
|
| 101 |
0 |
|
|a rus
|
| 102 |
|
|
|a RU
|
| 105 |
|
|
|a a j 001zy
|
| 200 |
1 |
|
|a Наноструктурные материалы
|e учебное пособие
|f Р. А. Андриевский, А. В. Рагуля
|
| 210 |
|
|
|a Москва
|c Academia
|d 2005
|
| 215 |
|
|
|a 178, [9] с.
|c ил.
|d 22 см.
|
| 225 |
1 |
|
|a Высшее профессиональное образование. Естественные науки
|
| 320 |
|
|
|a Библиогр.: с. 177-179.
|
| 330 |
|
|
|a Систематизированы данные о наноструктурных материалах, рассмотрены особенности их физических, химических, механических и других свойств. Описаны основные технологические приемы получения наноструктурных материалов, охарактеризованы области их применения в традиционной и новой технике, информационных и компьютерных технологиях, медицине, сельском хозяйстве, в области охраны окружающей среды. Для студентов высших учебных заведений, обучающихся по специальности «Физическое материаловедение». Может быть полезно аспирантам, инженерам и научным работникам, занимающимся вопросами физики, химии, механики и биологии наноструктурных материалов.
|
| 606 |
1 |
|
|a Наноструктурные материалы
|2 stltpush
|3 (RuTPU)RU\TPU\subj\44811
|9 64091
|
| 610 |
1 |
|
|a нанотехнология
|
| 610 |
1 |
|
|a свойства
|
| 610 |
1 |
|
|a размерные эффекты
|
| 610 |
1 |
|
|a технология
|
| 610 |
1 |
|
|a применение
|
| 610 |
1 |
|
|a учебные пособия
|
| 675 |
|
|
|a 620.18(075.8)
|v 3
|z rus
|
| 700 |
|
1 |
|a Андриевский
|b Р. А.
|g Ростислав Александрович
|
| 701 |
|
1 |
|a Рагуля
|b А. В.
|g Андрей Владимирович
|
| 801 |
|
0 |
|a RU
|b RKP
|c 20050412
|g PSBO
|
| 801 |
|
1 |
|a RU
|b 63413507
|c 20050919
|g PSBO
|
| 801 |
|
2 |
|a RU
|b 63413507
|c 20201119
|g PSBO
|
| 900 |
|
|
|a Физическое металловедение
|
| 900 |
|
|
|a Нанотехнологии в электронике
|
| 900 |
|
|
|a Технологии получения специальных гетерофазных и гетерогенных материалов
|
| 900 |
|
|
|a Технологические процессы создания наноструктурных материалов для отраслей наноиндустрии
|
| 942 |
|
|
|c BK
|
| 951 |
|
|
|a 551600
|
| 959 |
|
|
|a 47/20050504
|d 15
|e 238
|f НФ:15
|
| 959 |
|
|
|a 18/20060226
|d 4
|e 255,42
|f АНЛ:2
|f ЧЗТЛ:2
|
| 959 |
|
|
|a 117/20091126
|d 10
|e 224,40
|f УФ:10
|